Wymień 3 Największe miasta państw Europejskich - Statystyki

Ogólne statystyki
  • Ten quiz został rozwiązany 5 148 razy
    3 056 od ostatniego zresetowania
  • Średni wynik to 64 z 125
Statystyki odpowiedzi
PAŃSTWA MIASTA % Poprawnych
Austria Wiedeń
93%
Belgia Bruksela
91%
Białoruś Mińsk
91%
Polska Warszawa
91%
Czechy Praga
90%
Andora Andora
89%
Niemcy Berlin
88%
Kraków
88%
Hiszpania Madryt
88%
Francja Paryż
88%
Chorwacja Zagrzeb
88%
Rosja Moskwa
87%
Albania Tirana
87%
Grecja Ateny
86%
Dania Kopenhaga
86%
Norwegia Oslo
86%
Bułgaria Sofia
86%
Holandia Amsterdam
85%
Barcelona
85%
Finlandia Helsinki
85%
Portugalia Lizbona
85%
Irlandia Dublin
84%
Monako Monako
84%
Litwa Wilno
84%
Łódź
83%
Luksemburg Luksemburg
83%
Łotwa Ryga
83%
Estonia Tallin
82%
Rumunia Bukareszt
81%
Ukraina Kijów
80%
Monachium
80%
Islandia Reykjavik
80%
Bośnia i Hercegowina Sarajewo
80%
Słowacja Bratysława
79%
Wielka Brytania Londyn
78%
Petersburg
78%
Szwecja Sztokholm
78%
Włochy Rzym
77%
Szwajcaria Berno
76%
Węgry Budapeszt
76%
Hamburg
76%
Serbia Belgrad
75%
Marsylia
75%
Porto
75%
Turcja Stambuł
75%
Vaduz
75%
Watykan Watykan
75%
Mołdawia Kiszyniów
73%
Malta Valletta
73%
Ankara
72%
Lyon
71%
Macedonia Północna Skopje
70%
Słowenia Lublana
69%
Mediolan
69%
Rotterdam
69%
Czarnogóra Podgorica
68%
Kosowo Prisztina
66%
Saloniki
65%
Neapol
62%
Charków
61%
Haga
60%
Zurych
60%
Brno
59%
Kowno
56%
Split
56%
Antwerpia
55%
Walencja
54%
Malmo
51%
Birmingham
50%
Ostrawa
49%
Genewa
46%
Odessa
45%
Graz
44%
Goteborg
40%
Kłajpeda
40%
Koszyce
39%
Cork
38%
Bergen
37%
Linz
35%
Warna
35%
Gandawa
32%
Kluż - Napoka
32%
Trondheim
32%
Braga
31%
Nowy Sad
30%
Rijeka
28%
Tyraspol
27%
Aarhus
26%
Leeds
26%
Homel
25%
Maribor
25%
Izmir
21%
Odense
21%
Płowdiw
21%
Banja Luka
19%
Durres
19%
Dyneburg
16%
Tampere
16%
Tartu
16%
Debreczyn
15%
Nowosybirsk
15%
Mohylew
13%
Espoo
11%
Galway
11%
Nisz
11%
Segedyn
10%
Lipawa
9%
Preszów
9%
Szkodra
9%
Timisoara
9%
San Marino Serravalle
7%
Celje
6%
Patras
6%
Liechtenstein Schaan
6%
Bielce
5%
Narva
5%
Bitola
4%
Niksić
4%
Prizren
4%
Kopavogur
3%
Mitrowica
3%
Zenica
3%
Kumanowo
2%
Pljevlja
1%
Hafnarfjorour
0%
Nie znaleziono quizów pasujących do podanych kryteriów
Rozkład punktacji
Procent ludzi z każdym wynikiem
Percentyl według liczby udzielonych odpowiedzi
Twoja historia wyników
Nie rozwiązałeś tego quizu od ostatniego zresetowania